Clinical psychology : new trends and innovations

Bibliographic Details
Main Author: Kaur, Rajpal
Format: Book
Published: New Delhi : Deep & deep publications , 2006
Subjects:

MARC

LEADER 00000cam a2200000 7i4500
001 0000018838
005 20080611.0
008 080611
020 |a 8176298018 
090 0 0 |a 158   |b KAU 
100 1 |a Kaur, Rajpal 
245 1 0 |a Clinical psychology :   |b new trends and innovations   |c Rajpal Kaur 
260 |a New Delhi :   |b Deep & deep publications ,   |c 2006 
650 0 |a Applicd psycology 
650 0 |a Psycology 
999 |a 0001023336   |b Book   |c Adult Collection   |e Perbadanan Perpustakaan Awam Johor 
999 |a 0001023337   |b Book   |c Adult Collection   |e Perbadanan Perpustakaan Awam Johor